Skoki Narciarskie - trenerzy Stanów Zjednoczonych - Statystyki

Ogólne statystyki
  • Ten quiz został rozwiązany 22 razy
  • Średni wynik to 3 z 10
Statystyki odpowiedzi
Hint Odpowiedź % Poprawnych
2013-2022 Bine Norčič
60%
2022- Tore Sneli
60%
1994-2002 Kari Ylianttila
40%
2010-2013 Casey Colby
20%
2002-2006 Corby Fisher
20%
1968-1970 Gene Kotlarek
20%
1956-1958 Olav Ulland
20%
1983-1988 Greg Windsperger
10%
2007-2010 Jochen Danneberg
10%
2006-2007 Michael Keuler
10%
Nie znaleziono quizów pasujących do podanych kryteriów
Rozkład punktacji
Procent ludzi z każdym wynikiem
Percentyl według liczby udzielonych odpowiedzi
Twoja historia wyników
Nie rozwiązałeś tego quizu